| 000 | 01230nam2a22002531 4500 | ||
|---|---|---|---|
| 001 | rc\4073203 | ||
| 005 | 20250610234225.0 | ||
| 035 | _a(NLR Aleph) 007966099 | ||
| 090 |
_a8430156 _c8430156 |
||
| 100 | _a20130415d1951 |||y0rusy50 ca | ||
| 101 | 0 | _arus | |
| 102 | _aRU | ||
| 105 | _ay z ||||| | ||
| 200 | 1 | _aН.П. Симановский - основоположник отечественной ото-рино-ларингологии | |
| 210 |
_d1951 _aБ. м. |
||
| 320 | _aБиблиогр.: с. 36-40 | ||
| 461 | 0 |
_1001rc\4073195 _12001#$aМатериалы по истории биологии и медицины$eУчеб.-метод. пособие для курсантов и слушателей ВММА$eВып. 1$vВып. 8 _98430109 _cЛенинград _d1950 _nВоен.-мор. мед. акад. _oУчеб.-метод. пособие для курсантов и слушателей ВММА : Вып. 1 _tМатериалы по истории биологии и медицины _vВып. 8 |
|
| 700 | 1 |
_aСолдатов _bИ.Б. |
|
| 702 | 1 |
_aСимановский _bН.П. _4570 |
|
| 801 | 0 |
_aRU _bNLR _gpsbo |
|
| 801 | 1 |
_aRU _bELAR _2rusmarc |
|
| 852 |
_aNLR _jМд10 Г-4/218 |
||
| 942 | _cBOOK | ||
| 980 | _aNB | ||